000 00738cab a2200217 4500
001 X89720
008 090401t1998 xxu||||| |||| 00| 0 eng d
035 _a(Sirsi) u84168
041 _aeng
245 _aAllridge Ltd v Grand Actual Ltd
260 _c1998
350 _a0
490 _aConstruction Law Reports
_v[1998] 55 Con LR 91-123(33)
520 _aQBD 19 December 1996. Formation of contract - express terms - implied terms - incorporation of terms - variation - consideration - meaning of weekly payment. (Headnote from Journal)
650 _aALLRIDGE LTD V GRAND ACTUAL LTD
650 _aEXPRESS TERMS
650 _aWEEKLY PAYMENT
690 _aBUILDING AND CONSTRUCTION-CASE LAW
942 _n0
948 _c10/02/1998
999 _c52886
_d52886